Partial differential equations for scientists and engineers

Saved in:
Bibliografiske detaljer
Hovedforfatter: Farlow, Stanley J (Author)
Format: Bog
Sprog:engelsk
Udgivet: Nueva York Wiley 1982
Fag:
Tags: Tilføj Tag
Ingen Tags, Vær først til at tagge denne postø!

MARC

LEADER 00000nam a2200000 a 4500
001 UCX0800
003 CL-VaPUC
008 900319e19820000US |||||||||||||||||eng|d
082 0 4 |a 515.353  |b FAR  |2 21 
100 0 |a Farlow, Stanley J  |e author  |9 316195 
245 1 0 |a Partial differential equations for scientists and engineers 
300 |a 402 p 
942 |c BK 
945 |d 19900319 00:00:00 
260 |a Nueva York  |b Wiley  |c 1982 
650 0 |a Ecuaciones diferenciales parciales   |9 269889 
583 |a last modification  |c 19900319 00:00:00  |k Rodrigo Vera 
999 |c 222259  |d 222257